Špehujúci zákazníci

Tajomní zákazníci - mystery shopperi, ktorí v predajniach vyšpehujú nedostaky a prešľapy. Najčastejšími zadávateľmi mystery shoppingu sú banky, telekomunikační operátori, siete čerpacích staníc, maloobchodné siete. Tajomní zákazníci odhalia správanie predajcov, ich ochotu, predajný potenciál, kvalit...

Description complète

Enregistré dans:
Détails bibliographiques
Auteur principal: Ksenzsighová, Beata
Format: Chapitre de livre
Langue:slovaque
Sujets:
Tags: Ajouter un tag
Pas de tags, Soyez le premier à ajouter un tag!

MARC

LEADER 00000naa a2200000 4500
001 0186902
005 20231113083012.8
041 0 |a slo 
044 |a SK 
245 1 0 |a Špehujúci zákazníci  |c Beata Ksenzsighová 
520 |a Tajomní zákazníci - mystery shopperi, ktorí v predajniach vyšpehujú nedostaky a prešľapy. Najčastejšími zadávateľmi mystery shoppingu sú banky, telekomunikační operátori, siete čerpacích staníc, maloobchodné siete. Tajomní zákazníci odhalia správanie predajcov, ich ochotu, predajný potenciál, kvalitu. 
610 2 0 |a obchod 
610 2 0 |a predaj 
610 2 0 |a predajcovia 
610 2 0 |a služby 
610 2 0 |a kvalita 
610 2 0 |a kontrola 
610 2 0 |a firmy 
610 2 0 |a zákazníci 
100 1 |a Ksenzsighová, Beata